The rise of statistical thinking, 1820-1900

Αποθηκεύτηκε σε:
Λεπτομέρειες βιβλιογραφικής εγγραφής
Κύριος συγγραφέας: Porter, Theodore M. 1953-
Μορφή: Βιβλίο
Γλώσσα:English
Δημοσίευση: Princeton, NJ : Princeton University Press, 1986
Θέματα:
Ετικέτες: Προσθήκη ετικέτας
Δεν υπάρχουν, Καταχωρήστε ετικέτα πρώτοι!

MARC

LEADER 00000nam a2200000 i 4500
001 1/40254
008 030909s1986 eng d
020 |a 0-691-02409-X 
035 |l 10070773 
040 |a GR-MY-UA  |b gre  |e aacr 
041 0 |a eng 
082 0 |a 519.509  |2 (21) 
100 1 |a Porter, Theodore M.  |d 1953- 
245 1 4 |a The rise of statistical thinking, 1820-1900 /  |c Theodore M. Porter 
260 |a Princeton, NJ :   |b Princeton University Press,   |c 1986 
300 |a xii, 333 σ.;  |c 23 εκ. 
504 |a Περιέχει ευρετήριο 
650 0 0 |a Mathematical statistics  |x History. 
852 |a INST  |b LESVOS  |e 20030909  |h 519.509 POR  |p 005100026822  |q 005100026822  |t BK  |y 4  |x 20200115 
901 |a BIBL1-2003-3 
909 |a Λ  |b 105992 
922 |a 1ΕΛΗ  |b 200308  |c ΕΠΕΑΕΚ2/ΤΚΑ  |d ΜΙΧΑΛΟΠΟΥΛΟΣ 
950 |a 117-2003-06-11 
970 |a ΧΡΙΣΤΟΦΑ  |b ΝΙΚΗ  |z 2003/09/12